000 00333nam a22001457a 4500
003 OSt
005 20211227151306.0
008 211227b |||||||| |||| 00| 0 eng d
020 _a3540515429
040 _cHU
082 _a004
100 _aDehne F.[Eds]
_925499
245 _aLecture Notes Computer Science
942 _2ddc
_cBOOKS
_n0
999 _c24411
_d24411